000 01473nam a22002177a 4500
003 NALT
005 20251125233050.0
008 s2552 th tha d
040 _aNALT
041 _atha
090 _aIS 4/2552 17
100 0 _aภาสกร เหล่าหล้า
_98692
245 1 0 _aการเพิ่มประสิทธิภาพการให้บริการข้อมูลวิชาการด้านเศรษฐกิจ ในการปฏิบัติงานยกร่างกระทู้ถามของกลุ่มงานกฎหมาย 1 สำนักกฎหมาย (เอกสารวิชาการกรณีศึกษาส่วนบุคคล) /
_cภาสกร เหล่าหล้า.
260 _aกรุงเทพฯ :
_bรัฐสภา,
_c2552
300 _a62 หน้า :
_bแผนภาพ, ตาราง ;
_c30 ซม.
610 2 4 _911177
_aสำนักงานเลขาธิการสภาผู้แทนราษฎร.
_bสำนักกฎหมาย
_xการศึกษาเฉพาะกรณี
_xงานยกร่างกระทู้ถาม
850 _aNALT
856 4 0 _uhttps://hdl.handle.net/20.500.14156/18533
942 _cIS
_2local
998 _bชวนพิชญ์ รัตนาไพบูลย์
_j111
_k นางสาวพจพิณ พรมเอี่ยม
999 _c59933
_d59933